000 00267nam a22001337a 4500
008 170731b xxu||||| |||| 00| 0 eng d
020 _a241050
041 _aeng
080 _a004
100 _a32
101 _aSHKI
245 _aGPS
_cERNST, G.W
942 _2udc
_cBK
999 _c22179
_d22179